Statistiques concernant Prenom STMG soult 2020

Cliquez ici pour prendre le quiz!

Statistiques générales

  • Ce quiz a été pris 12 fois
  • Le résultat moyen est 17 sur 26

Statistiques - réponses

Prenom/Surnom% Correct
Thomas
100%
Clement
89%
Celia
78%
Cyprien
78%
Daez
78%
Emine
78%
Fabio
78%
Gabriel
78%
Jad
78%
Joey
78%
Jordan
78%
Maelys
78%
Mathilde
78%
Adélaide
67%
Auriana
67%
Clementine
67%
Faustine
67%
Lena
67%
Maia
67%
Moussa
67%
Malek
56%
Victor
56%
Guillaume
44%
Laetitia
33%
Johann
22%
Ayy yildiz
11%

Distribution des résultats

Percentile par nombre de réponses

% des personnes avec chaque résultat

Votre développement - résultats

Vous n’avez pas pris ce quiz